| 000 -ლიდერი |
| ფიქსირებული სიგრძის საკონტროლო ველი |
01290nam a2200265Ia 4500 |
| 001 - საკონტროლო ნომერი |
| საკონტროლო ველი |
17232 |
| 003 - საკონტროლო ნომრის იდენტიფიკატორი |
| საკონტროლო ველი |
GE_BSU |
| 005 - ბოლო ოპერაციის თარიღი და დრო |
| საკონტროლო ველი |
20200204140928.0 |
| 008 - ფიქსირებული სიგრძის მონაცემთა ელემენტები - ზოგადი ინფორმაცია |
| ფიქსირებული სიგრძის საკონტროლო ველი |
181216s2015 xx |||||||||||||| ||geo|| |
| 020 ## - წიგნის საერთაშორისო სტანდარტული ნომერი |
| International Standard Book Number |
9789941459955 |
| 040 ## - კატალოგიზაციის წყარო |
| Transcribing agency |
GE_BSU |
| 041 ## - ენის კოდი |
| Language code of text/sound track or separate title |
geo |
| 080 ## - უნივერსალური ათობითი კლასიფიკაციის ინდექსი |
| Universal Decimal Classification number |
94(479.222.2) შ-16 |
| 100 ## - მთავარი ჩანაწერი - პიროვნების სახელი |
| Personal name |
შავიანიძე, დ. (დავით) |
| 9 (RLIN) |
6767 |
| 245 ## - ცნობა სათაურის შესახებ |
| Title |
სამეგრელო : (ისტორიულ-ეთნოგრაფიული ნარკვევი) / |
| Statement of responsibility, etc |
დ. შავიანიძე ; რედ. როლანდ თოფჩიშვილი. |
| 264 ## - წარმოების, გამოცემის, დისტრიბუციის და სხვა ცნობები |
| გამოცემის, წარმოების, დისტრიბუციის... ადგილი |
ქუთაისი : |
| გამოცემის, წარმოების, დისტრიბუციის... სახელწოდება |
კაკი წერეთლის სახელმწ. უნ-ტის გამ-ბა, |
| გამოცემის, წარმოების, დისტრიბუციის... თარიღი |
2015. |
| 300 ## - ფიზიკური აღწერა |
| Extent |
260 გვ .: |
| Other physical details |
ფოტ, |
| Dimensions |
20 სმ.. |
| 504 ## - BIBLIOGRAPHY, ETC. NOTE |
| Bibliography, etc |
ბიბლიოგრ.: გვ. 253-260 |
| 546 ## - LANGUAGE NOTE |
| Language note |
დასკვნები ქართ. და ინგლ. ენ.. |
| 653 ## - INDEX TERM--UNCONTROLLED |
| Uncontrolled term |
ეთნოგრაფია |
| 653 ## - INDEX TERM--UNCONTROLLED |
| Uncontrolled term |
ისტორია |
| 653 ## - INDEX TERM--UNCONTROLLED |
| Uncontrolled term |
სამეგრელოს ისტორია სამეგრელოს ეთნოგრაფია |
| 700 ## - ADDED ENTRY--PERSONAL NAME |
| Personal name |
თოფჩიშვილი, როლანდ |
| Relator term |
რედაქტორი |
| 9 (RLIN) |
4620 |
| 942 ## - ADDED ENTRY ELEMENTS (KOHA) |
| Koha item type |
წიგნი |
| Source of classification or shelving scheme |
|